000 00357nam a2200133Ia 4500
005 20260326235449.0
008 260326s9999||||xx |||||||||||||| ||und||
100 _aCoe, William R.
245 0 _aTikal :
_b Guia de las Antiguas ruinas Mayas /
_cWilliam R. Coe
260 _bUniversity of Pennsylvania Press
300 _a121 p.
650 _aARTE
942 _cBK
999 _c7686
_d7686